Český železniční biografický slovník
| Titel: | Český železniční biografický slovník / Mojmír Krejčiřík ; Miroslav Kunt |
|---|---|
| Verfasser: | ; |
| Ausgabe: | Vydání první |
| Veröffentlicht: | Praha : Národní archiv, 2025 |
| Format: | Mehrteiliges Werk |
| Sprache: | Tschechisch |
| Bände: |
alle Bände anzeigen
|
| ISBN: | 9788074691386 |
alg: 53070626 001A $03004:20-06-25 001B $03004:04-08-25 $t13:38:55.000 001D $03004:04-08-25 001U $0utf8 001X $00 002@ $0Acu 002C $aText $btxt $2rdacontent 002D $aohne Hilfsmittel zu benutzen $bn $2rdamedia 002E $aBand $bnc $2rdacarrier 003@ $0530706261 004A $A9788074691386 007A $0530706261 $aHEB 010@ $acze 010E $erda 011@ $a2025 013D $RBiograf $RLebenslauf $RBiografik $#Biographies $#Biography $#Biographies -- Histoire et critique $#Biographie $#Biographisches Nachschlagewerk $#Lebensbeschreibung $#Berühmte Persönlichkeit Biografie $#Biografisches Nachschlagewerk $74006804-3 $8Biografie [Ts1] $9085010375 013D $RLexikon $#Dictionaries $#Dictionnaires $#Reallexikon Formbegriff $#Sachwörterbuch Formbegrif $#Sprachwörterbuch $#Vokabular Wörterbuch $#Vokabularium $#Wörterbücher $#Dictionary $74066724-8 $8Wörterbuch [Ts1] $9085187623 021A $aČeský železniční biografický slovník $hMojmír Krejčiřík ; Miroslav Kunt 028A $BVerfasser $4aut $7140619976 $8Krejčiřík, Mojmír$Z1942- [Tp3] $9221057994 028C $BVerfasser $4aut $7 $8Kunt, Miroslav [Tnx] $9170965511 032@ $aVydání první 033A $pPraha $nNárodní archiv 037A $aInhalt: Biografický slovník obsahuje biogramy více než tisíce dnes již nežijících osob narozených v letech 1771-1951, které ovlivnily zásadnějším způsobem železniční dopravu v Českých zemích po stránce stavební, strojní, právní a úřední. Jsou psány volnou formou s důrazem na pracovní dráhu, doplněné v některých případech citacemi z dobových pramenů včetně pamětí a portréty. Odhadem 60-70 % biogramů je sestaveno čistě nebo z velké části na podkladě archiválií tuzemských i zahraničních. Publikace je doplněna předmluvou, úvodem, který popisuje strukturu hesel, seznamem zkratek a obsahem sestávajícím ze seznamu osob s jejich stručnou charakteristikou a s daty a místy narození a úmrtí. Součástí je také stručná studie o pramenech a jejich použití při tvorbě záznamů. 044K $RSchienenverkehr $REisenbahn $#Railroads $#Railroads Traffic $#Transports ferroviaires $#Chemins de fer Trafic $#Tráfico ferroviario $#Eisenbahnverkehr $#Bahnverkehr $74151503-1 $8Eisenbahnverkehr [Ts1] $9085628735 044K $RSchienenbahn $#Railroads $#Chemins de fer $#railways $#Eisenbahn $#Eisenbahn $#Eisenbahnwesen $#Eisenbahnen $74014015-5 $8Eisenbahn [Ts1] $9085031070 044K $RKader $RLeitender Angestellter $RManagement $RWeibliche Führungskraft $#Executives $#Cadres (personnel) $#Chefs d'entreprise $#managers $#Führungskräfte $#Führungskraft $#Manager $#Führungskräfte $#Führungskräfte $#Manager $#Führungsposition $74071497-4 $8Führungskraft [Ts1] $9085201456 044K $RUnternehmerin $#Entrepreneurship $#Industrialists $#Entrepreneuriat $#Industriels $#Chefs d'entreprise $#Unternehmer $#Unternehmer $#Unternehmer $#Industrieller $#Fabrikant $#Entrepreneur $74061949-7 $8Unternehmer [Ts1] $9085172359 044K $RTechnischer Beruf $RTechniker $RIngenieurin $RIngenieurwissenschaften $#Engineers $#Ingénieurs $#Ingegneri $#engineers $#Ingenieure $#Ingenieur $#Ingenieure $#Ingenieurwissenschaftler $#Diplomingenieur $#Ingenieure $#Doktoringenieur $74026955-3 $8Ingenieur [Ts1] $9085067881 044K $RUnternehmer $RBauunternehmerin $#Contractors $#Entrepreneurs $#Empresas constructoras $74229529-4 $8Bauunternehmer [Ts1] $9086197649 044K $RHochschullehrerin $#College teachers $#Professeurs (enseignement supérieur) $#Hochschullehrer $#Hochschullehrer $#Hochschullehrer $#Professor Hochschule $#Lehrkörper Hochschule $#Lehrpersonal Hochschule $#Universitätsprofessor $#Hochschulprofessor $74025243-7 $8Hochschullehrer [Ts1] $9085062820 045F $a330.09437109033 $eDDC23BSB 045F/01 $a330.09 045F/03 $f09033 045F/03 $f09034 045F/03 $f0904 045F/03 $f0905 045F/03 $g4371 lok: 53070626 24 exp: 53070626 24 1 #EPN 201B/01 $004-08-25 $t13:33:03.000 201C/01 $020-06-25 201U/01 $0utf8 203@/01 $01307225934 208@/01 $a20-06-25 $bda 209B/01 $aFortsetzung abgeschlossen (050) $x09 220C/01 $akon /
| LEADER | 00000cam a2200000 ca4500 | ||
|---|---|---|---|
| 001 | 530706261 | ||
| 003 | DE-603 | ||
| 005 | 20250804133855.0 | ||
| 007 | tu | ||
| 008 | 250620s2025 xx |||| | u00||u|cze c | ||
| 020 | |a 9788074691386 | ||
| 035 | |a (DE-599)HEB530706261 | ||
| 040 | |a DE-603 |b ger |c DE-603 |d DE-603 |e rda | ||
| 041 | |a cze | ||
| 082 | 0 | 4 | |8 1\u |a 330.09437109033 |q DE-101 |2 23/BSB |
| 085 | |8 1\u |b 330.09 | ||
| 085 | |8 1\u |z 1 |s 09033 | ||
| 085 | |8 1\u |z 1 |s 09034 | ||
| 085 | |8 1\u |z 1 |s 0904 | ||
| 085 | |8 1\u |z 1 |s 0905 | ||
| 085 | |8 1\u |z 2 |s 4371 | ||
| 100 | 1 | |a Krejčiřík, Mojmír |d 1942- |e Verfasser |4 aut |0 (DE-603)221057994 |0 (DE-588)140619976 |2 gnd | |
| 245 | 0 | 0 | |a Český železniční biografický slovník |c Mojmír Krejčiřík ; Miroslav Kunt |
| 250 | |a Vydání první | ||
| 264 | 1 | |a Praha |b Národní archiv |c 2025 | |
| 336 | |a Text |b txt |2 rdacontent | ||
| 337 | |a ohne Hilfsmittel zu benutzen |b n |2 rdamedia | ||
| 338 | |a Band |b nc |2 rdacarrier | ||
| 500 | |a Inhalt: Biografický slovník obsahuje biogramy více než tisíce dnes již nežijících osob narozených v letech 1771-1951, které ovlivnily zásadnějším způsobem železniční dopravu v Českých zemích po stránce stavební, strojní, právní a úřední. Jsou psány volnou formou s důrazem na pracovní dráhu, doplněné v některých případech citacemi z dobových pramenů včetně pamětí a portréty. Odhadem 60-70 % biogramů je sestaveno čistě nebo z velké části na podkladě archiválií tuzemských i zahraničních. Publikace je doplněna předmluvou, úvodem, který popisuje strukturu hesel, seznamem zkratek a obsahem sestávajícím ze seznamu osob s jejich stručnou charakteristikou a s daty a místy narození a úmrtí. Součástí je také stručná studie o pramenech a jejich použití při tvorbě záznamů. | ||
| 650 | 7 | |a Eisenbahnverkehr |0 (DE-588)4151503-1 |0 (DE-603)085628735 |2 gnd | |
| 650 | 7 | |a Eisenbahn |0 (DE-588)4014015-5 |0 (DE-603)085031070 |2 gnd | |
| 650 | 7 | |a Führungskraft |0 (DE-588)4071497-4 |0 (DE-603)085201456 |2 gnd | |
| 650 | 7 | |a Unternehmer |0 (DE-588)4061949-7 |0 (DE-603)085172359 |2 gnd | |
| 650 | 7 | |a Ingenieur |0 (DE-588)4026955-3 |0 (DE-603)085067881 |2 gnd | |
| 650 | 7 | |a Bauunternehmer |0 (DE-588)4229529-4 |0 (DE-603)086197649 |2 gnd | |
| 650 | 7 | |a Hochschullehrer |0 (DE-588)4025243-7 |0 (DE-603)085062820 |2 gnd | |
| 655 | 7 | |a Biografie |2 gnd-content |0 (DE-588)4006804-3 |0 (DE-603)085010375 | |
| 655 | 7 | |a Wörterbuch |2 gnd-content |0 (DE-588)4066724-8 |0 (DE-603)085187623 | |
| 700 | 1 | |a Kunt, Miroslav |e Verfasser |4 aut |0 (DE-603)170965511 | |
| 924 | 0 | |9 603 |a (DE-603)1307225934 |b DE-603 |c HES |d d | |


